Ser mujer en Africa /

Crónicas que dan cuenta de la difícil situación que sufre en general la mujer africana, con graves problemas de violencia, discriminación y dificultades para incorporarse a la vida pública.

Guardado en:
Detalles Bibliográficos
Autor principal: Villar Raso, Manuel (autor)
Formato: Libro
Idioma:Español
Publicado: Granada, España : Alhulia, 2005, c2005
Colección:(Mirto Academia ; 7)
Temas:
Etiquetas: Agrega una etiqueta
Sin etiquetas, Sé el primero en etiquetar este registro!

MARC

LEADER 00000nam^a2200000^a^4500
001 000195703
005 20250521000000.0
009 20260310102800.144
020 |a 84-96083-63-2 
037 |a Acervo ITESO - Biblioteca 
041 |a ESP 
082 |a 305. 420960  |b VIL 
100 |a Villar Raso, Manuel  |e (autor) 
245 1 0 |a Ser mujer en Africa /  |c M. Villar Raso. 
264 4 |a Granada, España :  |b Alhulia,  |c 2005, c2005 
300 |a 150 p. 
336 |a texto  |b txt  |2 rdacontenido 
337 |a sin mediación  |b n  |2 rdamedio 
338 |a volumen  |b nc  |2 rdasoporte 
440 1 |a (Mirto Academia ;  |v 7) 
520 |a Crónicas que dan cuenta de la difícil situación que sufre en general la mujer africana, con graves problemas de violencia, discriminación y dificultades para incorporarse a la vida pública. 
649 |a XX 
650 |a Mujeres Africanas -  |x Tema Principal 
650 |a Violencia Doméstica -  |z Africa 
650 |a Discriminación de Género -  |z Africa 
650 |a Prácticas Culturales -  |z Africa 
650 |a Género -  |z Africa -  |x Tema Principal 
650 |a Crónicas Españolas 
650 |a Libros de Viajes Españoles 
650 |a Libros de Viajes -  |z Africa 
650 |a Literatura Española -  |y Siglo XXI 
650 |a Literatura y Sociedad 
650 |a Sociología de la Cultura 
650 |a Africa -  |x Condiciones Sociales y Culturales 
910 |a Fondo General 
920 |a Impresos - Libros 
930 |a Colección General 
905 |a 101 
901 |a 0500141755  |b IT1  |c ACC  |u 20250521 
902 |a https://opac.biblio.iteso.mx/vufind/Record/000195703